| 000 | 00806nam a2200313 a 4500 | ||
|---|---|---|---|
| 003 | AR-BaBNM | ||
| 005 | 20251128204048.0 | ||
| 008 | 082120s2002 ||||||||||||||000 | spa|| | ||
| 020 | _a950-03-0171-7 | ||
| 040 | _cAR-BaBNM | ||
| 100 | 1 | _aQuiroga, Horacio | |
| 245 | 0 | 0 | _aLos desterrados |
| 250 | _a11ª ed. | ||
| 260 |
_aBuenos Aires _bLosada _c1990 |
||
| 300 | _a132 p. | ||
| 490 | 0 | _aBiblioteca clásica y contemporánea | |
| 650 | 4 | _aESCRITORES | |
| 650 | 4 | _aHISTORIAS DE AMOR | |
| 650 | 4 | _aCUENTOS DE ANIMALES | |
| 653 | _aLITERATURA URUGUAYA | ||
| 653 | _aNARRATIVA | ||
| 653 | _aCUENTO FANTASTICO | ||
| 653 | _aCRITICA SOCIAL | ||
| 655 | _aLITERATURA | ||
| 700 | 1 |
_aIglesia, Cristina _eprologuista |
|
| 700 | 1 |
_aLafforgue, Jorge _eprologuista |
|
| 942 | _cBK | ||
| 998 | _cMARTIN | ||
| 999 |
_c6010 _d6010 |
||